Great British Literature - Authors - Statistics

General Stats
  • This quiz has been taken 984 times
    952 since last reset
  • The average score is 46 of 79
Answer Stats
Hint Answer % Correct
The Westminster Confession of Faith (1649) 1646 Westminster Assembly
100%
Beowulf (975) Unknown
100%
The Somonyng of Everyman (1510) Unknown
100%
Jane Eyre (1847) Charlotte Bronte
97%
Wuthering Heights (1847) Emily Bronte
97%
Hamlet (1602) William Shakespeare
97%
Pride and Prejudice (1813) Jane Austen
95%
Frankenstein (1818) Mary Shelley
95%
A Tale of Two Cities (1859) Charles Dickens
94%
Harry Potter and the Sorcerer's Stone (1997) J. K. Rowling
94%
Murder on the Orient Express (1934) Agatha Christie
91%
1984 (1949) George Orwell
91%
The Canterbury Tales (1387) Geoffrey Chaucer
90%
Dracula (1897) Bram Stoker
89%
The Hobbit (1937) J. R. R. Tolkien
89%
The Importance of Being Earnest (1895) Oscar Wilde
89%
Charlie and the Chocolate Factory (1964) Roald Dahl
87%
The Jungle Book (1894) Rudyard Kipling
87%
The Hound of the Baskervilles (1902) Arthur Conan Doyle
86%
The Lion, the Witch and the Wardrobe (1950) C. S. Lewis
86%
Alice's Adventures in Wonderland (1865) Lewis Carroll
84%
Treasure Island (1882) Robert Louis Stevenson
84%
Brave New World (1932) Aldous Huxley
83%
Paradise Lost (1671) John Milton
83%
Mrs. Dalloway (1925) Virginia Woolf
82%
Gulliver’s Travels (1726) Jonathan Swift
80%
Lord of the Flies (1954) William Golding
79%
Winnie-the-Pooh (1926) A. A. Milne
73%
The Time Machine (1895) H. G. Wells
73%
Heart of Darkness and The Secret Sharer (1899) Joseph Conrad
73%
The Satanic Verses (1889) Salman Rushdie
73%
A Portrait of the Artist as a Young Man (1916) James Joyce
71%
The Tale of Peter Rabbit (1902) Beatrix Potter
70%
Rebecca (1938) Daphne du Maurier
70%
Pygmalion (1913) George Bernard Shaw
68%
The Hitchhiker’s Guide to the Galaxy (1981) Douglas Adams
67%
Watership Down (1972) Richard Adams
67%
Ivanhoe (1820) Walter Scott
67%
Waiting For Godot (1953) Samuel Beckett
66%
The Mayor of Casterbridge (1886) Thomas Hardy
63%
Utopia (1516) Thomas More
62%
Ode on a Grecian Urn (1820) John Keats
59%
I Wandered Lonely as a Cloud (1802) William Wordsworth
59%
The Charge of the Light Brigade (1854) Alfred Tennyson
58%
Don Juan (1819) Lord Byron
58%
The Rime of the Ancient Mariner (1798) Samuel Taylor Coleridge
58%
The Wind in the Willows (1908) Kenneth Grahame
55%
Black Beauty (1877) Anna Sewell
54%
A Clockwork Orange (1962) Anthony Burgess
52%
The Tyger (1794) William Blake
52%
Peter and Wendy (1904) James Matthew Barrie
51%
The Secret Garden (1911) Frances Hodgson Burnett
48%
The Pilgrim's Progress (1678) John Bunyan
47%
All Quiet on the Western Front (1929) Erich Maria Remarque
41%
2001: A Space Odyssey (1968) Arthur C. Clarke
38%
H.M.S. Pinafore (1878) Arthur Sullivan and W. S. Gilbert
38%
Rosencrantz and Guildenstern Are Dead (1966) Tom Stoppard
32%
Ash-Wednesday (1927) T. S. Eliot
32%
Blithe Spirit (1941) Noël Coward
31%
Mary Poppins (1934) P. L. Travers
30%
The Rocking-Horse Winner (1926) D. H. Lawrence
29%
The Curious Incident of the Dog in the Night-Time (2003) Mark Haddon
29%
A Bear Called Paddington (1958) Michael Bond
28%
Is There for Honest Poverty (1795) Robert Burns
27%
Elegy Written in a Country Churchyard (1751) Thomas Gray
27%
Two Treatises of Government (1689) John Locke
25%
The Once and Future King (1958) T. H. White
21%
Men and Women (1855) Robert Browning
19%
She Stoops to Conquer (1773) Oliver Goldsmith
15%
Essay on Criticism (1711) Alexander Pope
13%
Proslogion (1078) Anselm of Canterbury
11%
Revelations of Divine Love (1395) Julian of Norwich
11%
Wind and Flame (1967) Donald Gee
7%
The Scots Confession (1560) John Knox
6%
The Enchanted April (1922) Elizabeth von Arnim
5%
The Temple (1633) George Herbert
5%
A Plain Account of Christian Perfection (1777) John Wesley
4%
The String of Pearls (1847) James Malcolm Rymer
1%
The Eventful History of the Mutiny and Piratical Seizure of H.M.S. Bounty (1831) John Barrow
1%
No matching quizzes found
Score Distribution
Percent of People with Each Score
Percentile by Number Answered
Your Score History
You have not taken this quiz since the last reset